000 01016nam a22002537a 4500
005 20170124103134.0
010 _a817344
020 _c00.00
035 _a817344
037 _bCen Lib/Ret
040 _aDPL
_bHN
082 _a822
_bनारायण
100 _aनारायण, वीरेंद्र
_984963
245 _aमिस्टर अभिमन्यु /
_cवीरेंद्र नारायण
246 _aMister abhimanyu
_bby Virendra Narayan
260 _aनई दिल्ली
_bसत्यमूर्ति प्रकाशन
_c1969
270 _aनई दिल्ली
_bनई दिल्ली
_e110003
300 _a87पृष्ठ. :
_c17सेमी(सजिल्द)
_bचित्र.
650 _aहिंदी साहित्य
_984964
650 _aहिंदी नाटक
_984965
650 _aHindi literature
_984966
650 _aHindi Drama
_984967
942 _2ddc
_cHN
_h822
_mनारायण
999 _c119447
_d119447